Diagnóstico de los desechos sólidos en un hospital desconcentrado de la C.C.S.S., "Hospital San Juan de Dios"
Gorde:
| Egile nagusia: | |
|---|---|
| Formatua: | Liburua |
| Argitaratua: |
San José, C.R.
2000
|
| Gaiak: | |
| Etiketak: |
Etiketa erantsi
Etiketarik gabe, Izan zaitez lehena erregistro honi etiketa jartzen!
|
MARC
| LEADER | 00000nam a2200000Ia 4500 | ||
|---|---|---|---|
| 003 | 008619 | ||
| 005 | 20221231144206.0 | ||
| 008 | 140114s2000 cr a m 000 ||s d | ||
| 040 | |c cru CEDI | ||
| 090 | |a TFG 4236 | ||
| 100 | |a Ureña Calderón, Luis G |9 8008 | ||
| 245 | |a Diagnóstico de los desechos sólidos en un hospital desconcentrado de la C.C.S.S., "Hospital San Juan de Dios" | ||
| 260 | |c 2000 |a San José, C.R. | ||
| 300 | |a xx, 189 hojas : ilustraciones, planos, fotografías (algunos a color) | ||
| 500 | |a Proyecto de graduación (licenciatura en ingeniería química)--Universidad de Costa Rica. Facultad de Ingeniería. Escuela de Ingeniería Química | ||
| 650 | |x RESIDUOS DE HOSPITALES |x MEDIDAS DE SEGURIDAD |x RESIDUOS SOLIDOS |x HOSPITALES |x DISPOSICION DE RESIDUOS |9 8009 | ||
| 942 | |c TFG | ||
| 999 | |c 18219 |d 18219 | ||
